Biblioteca y Centro de Documentación

Empresas gestionadas por sus trabajadores (Registro nro. 49251)

Detalles MARC
000 -CABECERA
Longitud fija campo de control 01827nam a2200409 c 4500
001 - NÚMERO DE CONTROL
Número de control 49251
003 - IDENTIFICADOR DE NÚMERO DE CONTROL
Identificador del número de control ES-MaCES
005 - FECHA Y HORA DE LA ÚLTIMA TRANSACCIÓN
Fecha y hora de la última transacción 20180724135718.0
008 - CAMPO FIJO DE DESCRIPCIÓN FIJA--INFORMACIÓN GENERAL
Códigos de información de longitud fija   170420s2015 sp o100 | spa d
017 ## - NÚMERO DE REGISTRO DE DERECHOS DE AUTOR Y DEPÓSITO LEGAL
Número de copyright o de depósito legal V 3045-2015
Agencia que asigna el número DL
020 ## - ISBN (INTERNATIONAL STANDARD BOOK NUMBER)
Número Internacional Normalizado para Libros (ISBN) 9788494126093
040 ## - FUENTE DE CATALOGACIÓN
Centro catalogador de origen ES-MaCES
Lengua de catalogación spa
Centro transcriptor ES-MaCES
041 0# - CÓDIGO DE IDIOMA
Código de lengua del texto;banda sonora o título independiente spa
Código de lengua original por
111 2# - ENCABEZAMIENTO PRINCIPAL--NOMBRE DE REUNIÓN
9 (RLIN) 38076
Nombre de congreso o jurisdicción como elemento de entrada Encuentro Internacional de Investigadores sobre Empresas Gestionadas por sus Trabajadores
Sede del congreso Valencia
Fecha del congreso 2015
245 10 - MENCIÓN DE TÍTULO
Título Empresas gestionadas por sus trabajadores
Resto del título : problemática jurídica y social
Mención de responsabilidad, etc. coordina, Gemma Fajardo García ; [Recoge las Actas del Encuentro Internacional de Investigadores sobre Empresas Gestionadas por sus Trabajadores, celebrado el 5 y 6 de octubre de 2015 en la Facultad de Derecho de la Universitat de València]
260 ## - PUBLICACIÓN, DISTRIBUCIÓN, ETC (PIE DE IMPRENTA)
Lugar de publicación, distribución, etc. Valencia
Nombre del editor, distribuidor, etc. CIRIEC España, Centro Internacional de Investigación e Información sobre la Economía Pública, Social y Cooperativa
Fecha de publicación, distribución, etc. [2015]
300 ## - DESCRIPCIÓN FÍSICA
Extensión 298 p.
Dimensiones 23 cm
500 ## - NOTA GENERAL
Nota general Textos en español y portugués
541 ## - NOTA DE LA FUENTE INMEDIANTE DE ADQUISICIÓN
Forma de adquisición Gratuito
650 #4 - ASIENTO SECUNDARIO DE MATERIA--TÉRMINO DE MATERIA
Término de materia o nombre geográfico como elemento inicial cooperativa de trabajadores
9 (RLIN) 29851
650 #4 - ASIENTO SECUNDARIO DE MATERIA--TÉRMINO DE MATERIA
Término de materia o nombre geográfico como elemento inicial economía social
9 (RLIN) 30379
650 #4 - ASIENTO SECUNDARIO DE MATERIA--TÉRMINO DE MATERIA
Término de materia o nombre geográfico como elemento inicial autogestión obrera
9 (RLIN) 29014
650 #4 - ASIENTO SECUNDARIO DE MATERIA--TÉRMINO DE MATERIA
Término de materia o nombre geográfico como elemento inicial participación de los trabajadores
9 (RLIN) 28378
650 #4 - ASIENTO SECUNDARIO DE MATERIA--TÉRMINO DE MATERIA
Término de materia o nombre geográfico como elemento inicial compra de una empresa por sus trabajadores
9 (RLIN) 30341
650 #4 - ASIENTO SECUNDARIO DE MATERIA--TÉRMINO DE MATERIA
Término de materia o nombre geográfico como elemento inicial participación obrera por acciones
9 (RLIN) 28394
650 #4 - ASIENTO SECUNDARIO DE MATERIA--TÉRMINO DE MATERIA
Término de materia o nombre geográfico como elemento inicial España
9 (RLIN) 26964
650 #4 - ASIENTO SECUNDARIO DE MATERIA--TÉRMINO DE MATERIA
Término de materia o nombre geográfico como elemento inicial internacional
9 (RLIN) 26674
650 #4 - ASIENTO SECUNDARIO DE MATERIA--TÉRMINO DE MATERIA
Término de materia o nombre geográfico como elemento inicial estudio de casos
9 (RLIN) 28846
650 #4 - ASIENTO SECUNDARIO DE MATERIA--TÉRMINO DE MATERIA
Término de materia o nombre geográfico como elemento inicial régimen jurídico
9 (RLIN) 29894
650 #4 - ASIENTO SECUNDARIO DE MATERIA--TÉRMINO DE MATERIA
Término de materia o nombre geográfico como elemento inicial conferencia
9 (RLIN) 27013
653 10 - TÉRMINO DE INDEXACIÓN--NO CONTROLADO
Término no controlado Empresa
700 1# - ENCABEZAMIENTO SECUNDARIO--NOMBRE PERSONAL
9 (RLIN) 37649
Nombre de persona García Fajardo, Gemma
Término indicativo de función coord.
710 2# - ENCABEZAMIENTO SECUNDARIO--NOMBRE CORPORATIVO
Nombre de entidad o nombre de jurisdicción como elemento inicial CIRIEC
9 (RLIN) 1963
711 2# - ENCABEZAMIENTO SECUNDARIO--NOMBRE DE REUNIÓN
9 (RLIN) 38076
Nombre de congreso o nombre de jurisdicción como elemento inicial Encuentro Internacional de Investigadores sobre Empresas Gestionadas por sus Trabajadores
Fecha del congreso 2015
Sede del congreso Valencia
902 ## - CES. TIPO DE DOCUMENTO
Tipodoc (006$c Sirtex) LIB Libro
942 ## - ELEMENTOS KOHA
Fuente de clasificaión o esquema Clasificación propia del CES
Koha [por defecto] tipo de item Monografías
Parte de clasificación Economía
Existencias
Número de registro Signatura completa Tipo de item de Koha
088976 SG-0.0.-335 Monografías
© CES, Consejo Económico y Social de España 2021